[Event "32nd ECC Open 2016"]
[Site "Novi Sad SRB"]
[Date "2016.11.09"]
[Round "4.14"]
[Board "2"]
[White "Le Roux, Jean-Pierre"]
[Black "Fontaine, Quentin"]
[Result "1-0"]
[WhiteTitle "GM"]
[WhiteElo "2549"]
[BlackElo "2270"]
[WhiteTeam "KGSRL Gent"]
[BlackTeam "Cercle d'Echecs Fontainois"]
[WhiteFideId "609404"]
[BlackFideId "230804"]
[EventDate "2016.11.06"]

1. d4 Nf6 2. Nf3 g6 3. g3 Bg7 4. Bg2 O-O 5. O-O d6 6. a4 c6 7. a5 Qc7 8. c4 Ne4
9. Qc2 f5 10. Nc3 Nxc3 11. bxc3 e5 12. c5 dxc5 13. Nxe5 Be6 14. Bf4 Qc8 15. Rab1
Re8 16. Rfd1 Na6 17. d5 cxd5 18. Rxd5 Re7 19. Nc4 Qf8 20. Nd6 Rd8 21. Rdd1 Red7
22. Nxb7 Rxd1+ 23. Rxd1 Rxd1+ 24. Qxd1 Bf6 25. Qd3 c4 26. Qe3 Qc8 27. Qxa7 Nc7
28. Qc5 Na6 29. Qxc8+ Bxc8 30. Bd5+ Kf8 31. Nd6 g5 32. Bd2 Bd7 33. Bxc4 Nc7 34.
Bd3 f4 35. gxf4 gxf4 36. a6 Ke7 37. Bxf4 Nd5 38. Bg3 Nxc3 39. Ne4 1-0

[Event "32nd ECC Open 2016"]
[Site "Novi Sad SRB"]
[Date "2016.11.09"]
[Round "4.14"]
[Board "3"]
[White "Herman, Jean"]
[Black "Rozentalis, Eduardas"]
[Result "0-1"]
[BlackTitle "GM"]
[WhiteElo "2237"]
[BlackElo "2573"]
[WhiteTeam "Cercle d'Echecs Fontainois"]
[BlackTeam "KGSRL Gent"]
[WhiteFideId "263036"]
[BlackFideId "12800023"]
[EventDate "2016.11.06"]

1. d4 Nf6 2. c4 e6 3. Nf3 Nc6 4. Nc3 Bb4 5. Bg5 h6 6. Bh4 Bxc3+ 7. bxc3 Ne7 8.
Bxf6 gxf6 9. g3 b6 10. Bg2 Bb7 11. O-O Ng6 12. Qd2 h5 13. h4 Qe7 14. Ne1 Bxg2
15. Nxg2 f5 16. Qg5 Qxg5 17. hxg5 h4 18. gxh4 Nxh4 19. f4 f6 20. gxf6 Kf7 21.
Nxh4 Rxh4 22. Rf3 d5 23. cxd5 exd5 24. Raf1 Re8 25. R1f2 Kxf6 26. Rg2 Rg4 27. e3
Re6 28. Rh3 Kg6 29. Rhg3 Rxg3 30. Rxg3+ Kf7 31. Rg5 Kf6 32. Kf2 Rc6 33. Kf3 Rxc3
34. Rg2 c5 35. Rd2 Ke6 36. Ke2 Ra3 37. Rb2 c4 38. Kf2 c3 39. Rc2 b5 40. Ke2 b4
41. Kd1 Kd6 42. Kc1 Kc6 43. Kb1 Kb5 44. Rh2 Kc4 45. Rh3 Kd3 46. Rg3 c2+ 0-1

[Event "32nd ECC Open 2016"]
[Site "Novi Sad SRB"]
[Date "2016.11.09"]
[Round "4.14"]
[Board "4"]
[White "Schoppen, Casper"]
[Black "Mastalerz, Xavier"]
[Result "0-1"]
[WhiteElo "2325"]
[BlackElo "2231"]
[WhiteTeam "KGSRL Gent"]
[BlackTeam "Cercle d'Echecs Fontainois"]
[WhiteFideId "1046730"]
[BlackFideId "208310"]
[EventDate "2016.11.06"]

1. e4 e6 2. d4 d5 3. Nc3 Nf6 4. e5 Nfd7 5. f4 c5 6. Nf3 Be7 7. Be3 b6 8. Qd2 Ba6
9. Be2 O-O 10. O-O Bxe2 11. Nxe2 Nc6 12. c3 f6 13. Rad1 Qc7 14. c4 fxe5 15. dxe5
d4 16. Bf2 a6 17. b3 b5 18. Rc1 b4 19. Ng3 a5 20. Ne4 h6 21. Bh4 a4 22. Bxe7
Nxe7 23. Nh4 axb3 24. axb3 Qc6 25. Qe2 Ra3 26. Rf3 Qa8 27. Rcf1 Ra2 28. Qd3 Qc6
29. Rg3 Qa8 30. Rgf3 Qe8 31. g4 Qa8 32. Nd6 Ra1 33. Rxa1 Qxa1+ 34. Kg2 Ra8 35.
Ng6 Ra2+ 36. Rf2 Rxf2+ 37. Kxf2 Nc6 38. Qe4 Qb2+ 39. Kg3 Qxb3+ 40. Kh4 Qb2 41.
h3 Ndb8 42. Nf8 Ne7 43. Ng6 Nxg6+ 44. Qxg6 Qf2+ 45. Kh5 Qxf4 46. Qxe6+ Kh7 47.
Qg6+ Kg8 48. Qe6+ Kh7 49. Qg6+ Kg8 50. h4 Qxe5+ 51. Nf5 Nd7 52. Qc6 Qe8+ 53. Qg6
Nf6# 0-1

[Event "32nd ECC Open 2016"]
[Site "Novi Sad SRB"]
[Date "2016.11.09"]
[Round "4.14"]
[Board "5"]
[White "Allaert, Dimitri"]
[Black "Goormachtigh, Johan"]
[Result "1/2-1/2"]
[BlackTitle "FM"]
[WhiteElo "2135"]
[BlackElo "2184"]
[WhiteTeam "Cercle d'Echecs Fontainois"]
[BlackTeam "KGSRL Gent"]
[WhiteFideId "209384"]
[BlackFideId "200280"]
[EventDate "2016.11.06"]

1. d4 Nf6 2. Bf4 g6 3. Nc3 d5 4. Qd2 Bg7 5. Bh6 O-O 6. Bxg7 Kxg7 7. O-O-O Ne4 8.
Nxe4 dxe4 9. e3 Nd7 10. Ne2 Nf6 11. Nc3 c6 12. f3 exf3 13. gxf3 Qa5 14. Kb1 Nd5
15. Nxd5 Qxd2 16. Rxd2 cxd5 17. h4 Bf5 18. b3 Rfe8 19. Bg2 Rac8 20. Kb2 Rc7 21.
e4 Be6 22. Bf1 h5 23. Bd3 Rec8 24. Rg1 Rd8 25. Be2 Rdc8 26. Rg3 Kf8 27. Rg5 Rd8
28. Bd1 Rcd7 29. c3 b6 30. Be2 Rc7 31. Bd3 Ke8 32. Bb5+ Kf8 33. Rf2 Kg7 34. Bd3
Kf8 35. Rfg2 dxe4 36. fxe4 Bg4 37. Be2 Bxe2 38. Rxe2 Rcd7 39. e5 Rd5 40. Rf2 Ke8
41. Rg3 e6 42. a4 R8d7 43. Rf4 b5 44. axb5 Rxb5 45. Rf1 1/2-1/2

[Event "32nd ECC Open 2016"]
[Site "Novi Sad SRB"]
[Date "2016.11.09"]
[Round "4.14"]
[Board "6"]
[White "Vanheirzeele, Daniel"]
[Black "Pierard, Florian"]
[Result "1-0"]
[WhiteElo "2120"]
[BlackElo "2101"]
[WhiteTeam "KGSRL Gent"]
[BlackTeam "Cercle d'Echecs Fontainois"]
[WhiteFideId "200425"]
[BlackFideId "263532"]
[EventDate "2016.11.06"]

1. d4 d5 2. c4 c6 3. Nf3 Nf6 4. Nc3 dxc4 5. a4 Bf5 6. Ne5 Nbd7 7. Nxc4 Nb6 8.
Ne5 a5 9. f3 Nfd7 10. Nxd7 Bxd7 11. e4 e6 12. Be3 Bb4 13. Be2 O-O 14. O-O Qe7
15. Na2 Bd6 16. Qb3 Qd8 17. Rfd1 Bc7 18. Nc1 Bc8 19. Nd3 Nd7 20. f4 Qe7 21. Rac1
Rd8 22. Bf3 Kh8 23. Ne5 Rb8 24. Bf2 f6 25. Nd3 Nf8 26. g3 Bd6 27. Qc3 Bc7 28. d5
Bd7 29. Bc5 Bd6 30. Bxd6 Qxd6 31. e5 fxe5 32. Nxe5 Qe7 33. d6 Qf6 34. Qxa5 Ng6
35. Re1 Nxe5 36. Qxe5 Rf8 37. b4 Ra8 38. a5 Rab8 39. b5 cxb5 40. Rc7 Bc6 41.
Qxf6 Rxf6 42. Bxc6 bxc6 43. Rxc6 Kg8 44. Rb6 Rff8 45. Rxe6 Kf7 46. Re7+ Kf6 47.
Rc7 Ra8 48. Rxb5 Rfd8 49. Rc6 Rd7 50. Kf2 h6 51. Kf3 Re8 52. a6 Red8 53. Ra5 Ra7
54. Ke4 Ke6 55. Re5+ Kd7 56. Rb6 Re8 57. Kd5 1-0

[Event "32nd ECC Open 2016"]
[Site "Novi Sad SRB"]
[Date "2016.11.09"]
[Round "4.15"]
[Board "1"]
[White "Arnaudov, G. Petar"]
[Black "Karttunen, Mika"]
[Result "1/2-1/2"]
[WhiteTitle "GM"]
[BlackTitle "IM"]
[WhiteElo "2471"]
[BlackElo "2452"]
[WhiteTeam "Gambit ASSECO SEE"]
[BlackTeam "Tammer-Shakki"]
[WhiteFideId "2907127"]
[BlackFideId "502081"]
[EventDate "2016.11.06"]

1. Nf3 Nf6 2. c4 g6 3. Nc3 Bg7 4. d4 d6 5. e4 O-O 6. h3 e5 7. d5 Nh5 8. g3 f5 9.
exf5 gxf5 10. Nh4 Nf6 11. Bd3 Ne8 12. Qc2 Qf6 13. f4 Na6 14. Qe2 e4 15. Bb1 c6
16. O-O Qh6 17. Be3 Nac7 18. Qd2 b5 19. cxb5 cxb5 20. a3 Nf6 21. Bc2 Kh8 22. Kh2
Bd7 23. Bb3 Na6 24. Ne2 Nc5 25. Bc2 Qh5 26. Nc3 a5 27. b4 axb4 28. axb4 Na6 29.
Rab1 Rfc8 30. Nd1 Nxd5 31. Bd4 Naxb4 32. Rxb4 Rxc2 33. Bxg7+ Kxg7 34. Qxc2 Nxb4
35. Qb2+ Kf7 36. Qxb4 Qe2+ 37. Rf2 Qxd1 38. Rd2 Qc1 39. Qxd6 Be6 40. Nxf5 Bxf5
41. Qd5+ Be6 42. Qh5+ Kg7 1/2-1/2

[Event "32nd ECC Open 2016"]
[Site "Novi Sad SRB"]
[Date "2016.11.09"]
[Round "4.15"]
[Board "2"]
[White "Pohjala, Henri"]
[Black "Percivaldi, Martin"]
[Result "1/2-1/2"]
[WhiteTitle "FM"]
[BlackTitle "FM"]
[WhiteElo "2377"]
[BlackElo "2373"]
[WhiteTeam "Tammer-Shakki"]
[BlackTeam "Gambit ASSECO SEE"]
[WhiteFideId "506478"]
[BlackFideId "1508148"]
[EventDate "2016.11.06"]

1. d4 d5 2. Nf3 Nf6 3. g3 c6 4. Bg2 Bf5 5. O-O e6 6. c4 Nbd7 7. Qb3 Qb6 8. Nc3
h6 9. Nd2 Qxb3 10. axb3 Bc2 11. c5 e5 12. dxe5 Nxe5 13. b4 Be7 14. Nf3 Nxf3+ 15.
Bxf3 O-O 16. Be3 a6 17. Rfc1 Bf5 18. Rd1 Rfe8 19. Bd4 Rad8 20. Rd2 Nd7 21. Kg2
Bf6 22. e3 Bxd4 23. Rxd4 Ne5 24. Be2 Rd7 25. h3 Rde7 26. Rad1 g5 27. Rc1 Kg7 28.
Rcd1 f6 29. Rc1 Bg6 30. Rcd1 Nd7 31. Ra1 f5 32. Rc1 Nf8 33. Bf3 Ne6 34. Rd2 Nf8
35. Rd4 Nh7 36. Be2 Nf6 37. Rcd1 Bh5 38. Bxh5 Nxh5 39. R1d2 Nf6 40. Rd1 Kg6 41.
Ne2 Ne4 42. Rc1 Nf6 43. Nc3 Nd7 44. b3 Nf8 45. Rcd1 Ne6 46. R4d2 Rf8 47. Rd3
Rfe8 48. R3d2 Ng7 49. Rd4 Rf8 50. R1d2 Ne6 51. R4d3 f4 52. e4 dxe4 53. Nxe4 fxg3
54. Kxg3 Nf4 55. Rd6+ Kg7 56. Rd7 Rff7 57. Rxe7 Rxe7 58. Nd6 Kf6 59. h4 Nd5 60.
hxg5+ Kxg5 61. Rd4 Kf6 62. Kf3 Rd7 63. Rh4 Rh7 64. Kg3 h5 65. Re4 h4+ 66. Rxh4
Rxh4 67. Kxh4 Nxb4 68. Nxb7 Nd3 69. Na5 Nxc5 70. b4 Nd3 71. Nxc6 Nxf2 72. Nb8
Nd3 73. Nxa6 Nxb4 1/2-1/2

[Event "32nd ECC Open 2016"]
[Site "Novi Sad SRB"]
[Date "2016.11.09"]
[Round "4.15"]
[Board "3"]
[White "Danchevski, Orce"]
[Black "Ahvenjarvi, Jani"]
[Result "1/2-1/2"]
[WhiteTitle "IM"]
[BlackTitle "FM"]
[WhiteElo "2357"]
[BlackElo "2333"]
[WhiteTeam "Gambit ASSECO SEE"]
[BlackTeam "Tammer-Shakki"]
[WhiteFideId "15000311"]
[BlackFideId "507571"]
[EventDate "2016.11.06"]

1. c4 c5 2. Nf3 Nc6 3. d4 cxd4 4. Nxd4 Qb6 5. Nb3 e6 6. Nc3 Nf6 7. e4 Bb4 8. Be3
Qc7 9. f3 d5 10. cxd5 exd5 11. exd5 Bxc3+ 12. bxc3 Qe5 13. dxc6 Qxe3+ 14. Qe2
Qxe2+ 15. Bxe2 bxc6 16. Bc4 Nd5 17. Bxd5 cxd5 18. O-O-O Be6 19. Rhe1 Rc8 20. Re3
Kd7 21. f4 g6 22. Nd4 Kd6 23. Kb2 Bd7 24. g3 Rhe8 25. Red3 Re4 26. Nc2 Be6 27.
Ne3 Kc5 28. R1d2 Rd8 29. Nc2 h5 30. Nd4 Rh8 31. Nb3+ Kb6 32. h4 Rc8 33. Nd4 Kc5
34. Rd1 Rb8+ 35. Nb3+ Kc6 36. Rd4 Re3 37. R1d3 Re2+ 38. Rd2 Re3 39. R4d3 Re4 40.
Ka3 Re8 41. Nd4+ Kc5 42. Nb3+ Kc6 43. Nd4+ Kc5 44. Nb3+ 1/2-1/2

[Event "32nd ECC Open 2016"]
[Site "Novi Sad SRB"]
[Date "2016.11.09"]
[Round "4.15"]
[Board "4"]
[White "Torkkola, Henri"]
[Black "Stojcevski, Zoran"]
[Result "0-1"]
[BlackTitle "FM"]
[WhiteElo "2223"]
[BlackElo "2316"]
[WhiteTeam "Tammer-Shakki"]
[BlackTeam "Gambit ASSECO SEE"]
[WhiteFideId "507660"]
[BlackFideId "15000192"]
[EventDate "2016.11.06"]

1. d4 Nf6 2. Nf3 b6 3. Bf4 Bb7 4. e3 e6 5. Bd3 Be7 6. h3 Ne4 7. Nbd2 f5 8. c3
O-O 9. Rg1 d6 10. Qe2 Nd7 11. g4 Nxd2 12. Nxd2 e5 13. dxe5 dxe5 14. Bh2 f4 15.
exf4 exf4 16. O-O-O Nc5 17. Bf5 Bd6 18. f3 Ba6 19. c4 Re8 20. Ne4 Bb7 21. Qc2
Nxe4 22. fxe4 Qe7 23. c5 Bxc5 24. Rd7 Be3+ 25. Kd1 Rad8 26. Rxd8 Rxd8+ 27. Ke1
Qb4+ 0-1

[Event "32nd ECC Open 2016"]
[Site "Novi Sad SRB"]
[Date "2016.11.09"]
[Round "4.15"]
[Board "5"]
[White "Dinev, Dejan"]
[Black "Nieminen, Samuli"]
[Result "1/2-1/2"]
[WhiteTitle "FM"]
[WhiteElo "2297"]
[BlackElo "2161"]
[WhiteTeam "Gambit ASSECO SEE"]
[BlackTeam "Tammer-Shakki"]
[WhiteFideId "15000095"]
[BlackFideId "504955"]
[EventDate "2016.11.06"]

1. d4 Nf6 2. Nf3 d5 3. e3 c5 4. Bd3 cxd4 5. exd4 Nc6 6. h3 Qc7 7. c3 g6 8. O-O
Bf5 9. Re1 Bxd3 10. Qxd3 Bg7 11. Nbd2 O-O 12. Nf1 Ne4 13. Ng5 Nxg5 14. Bxg5 e6
15. Qf3 b5 16. h4 h6 17. Bd2 b4 18. Nh2 bxc3 19. bxc3 Ne7 20. Bf4 Qd8 21. Rab1
Nf5 22. g3 Rc8 23. Rec1 Qa5 24. Nf1 Rc6 25. h5 g5 26. Bd2 Qa3 27. Rb3 Qxa2 28.
Qd1 Qa6 29. Ra1 Qc8 30. Rxa7 Nd6 31. Qf3 Ra6 32. Rxa6 Qxa6 33. Qd1 Ne4 34. Be1
Rc8 35. f3 Nd6 36. g4 Nc4 37. Qb1 Bf8 38. Kf2 Bd6 39. Bd2 Bc7 40. Bc1 Qd6 41.
Rb5 Bd8 42. Qb4 Qa6 43. Rb8 Ba5 44. Rxc8+ Qxc8 45. Qb3 Kg7 46. Ke2 Qa6 47. Kf2
Bb6 48. Ne3 Nxe3 49. Bxe3 Bc7 50. Qc2 Qd6 51. Kf1 Ba5 52. Kg2 Qc6 53. Bd2 Qc4
54. Kf2 Bb6 55. Be3 Ba5 56. Bd2 Qc7 57. Kg2 Qd6 58. Qd1 Bc7 59. Qh1 Qa6 60. Qe1
Qd3 61. Qe3 Qc2 62. Qf2 f5 63. Be1 Qb1 64. Qe2 Kf7 65. Bf2 Bf4 66. Be1 Qc1 67.
Kh3 Be3 68. Kg2 Bf4 69. Kh3 Bd6 70. Kg2 Qf4 71. Kh1 Bc7 72. Bd2 Qd6 73. Kg1 Qb6
74. Qd3 Kf6 75. Kf1 Qd6 76. Qe2 Qg3 77. Qg2 Qxg2+ 78. Kxg2 Bd6 1/2-1/2

[Event "32nd ECC Open 2016"]
[Site "Novi Sad SRB"]
[Date "2016.11.09"]
[Round "4.15"]
[Board "6"]
[White "Iivonen, Markku"]
[Black "Nikolovski, Nikola"]
[Result "0-1"]
[BlackTitle "FM"]
[WhiteElo "2052"]
[BlackElo "2274"]
[WhiteTeam "Tammer-Shakki"]
[BlackTeam "Gambit ASSECO SEE"]
[WhiteFideId "506940"]
[BlackFideId "15002314"]
[EventDate "2016.11.06"]

1. e4 c5 2. Nf3 Nc6 3. d4 cxd4 4. Nxd4 e5 5. Nb5 d6 6. c4 Be7 7. N1c3 a6 8. Na3
f5 9. exf5 Bxf5 10. Bd3 Be6 11. Nc2 Nf6 12. O-O O-O 13. Ne3 b5 14. cxb5 axb5 15.
Nxb5 d5 16. Bf5 Bf7 17. Bd2 g6 18. Bh3 h5 19. Rc1 Qb6 20. a4 Kg7 21. b3 Ne4 22.
Qc2 Ra6 23. Bc3 Nxc3 24. Nxc3 Nb4 25. Qe2 Bg5 26. Ncxd5 Bxd5 27. Nxd5 Nxd5 28.
Qxe5+ Kh6 29. Rc8 Rd8 30. Rd1 Qxb3 31. Qa1 Rxa4 32. Qb1 Qxb1 33. Rxb1 Nf4 34.
Rxd8 Nxh3+ 35. gxh3 Bxd8 36. Rb5 Ra2 37. Kg2 Bh4 0-1

[Event "32nd ECC Open 2016"]
[Site "Novi Sad SRB"]
[Date "2016.11.09"]
[Round "4.16"]
[Board "1"]
[White "Zajic, Milan"]
[Black "Lauber, Arnd"]
[Result "1-0"]
[WhiteTitle "IM"]
[BlackTitle "IM"]
[WhiteElo "2501"]
[BlackElo "2434"]
[WhiteTeam "Omladinski Sahovski Klub Paracin"]
[BlackTeam "Schachfreunde Berlin"]
[WhiteFideId "912336"]
[BlackFideId "4632630"]
[EventDate "2016.11.06"]

1. d4 Nf6 2. Nf3 e6 3. g3 d5 4. Bg2 b5 5. O-O Bb7 6. c3 a6 7. Nbd2 Nbd7 8. e4
Nxe4 9. Nxe4 dxe4 10. Ng5 Nf6 11. Re1 Be7 12. Nxe4 Nxe4 13. Bxe4 Bxe4 14. Rxe4
O-O 15. Qh5 Bf6 16. Bf4 Qd5 17. Qe2 c6 18. h4 Rfd8 19. a4 Qb3 20. Ra3 Qd5 21.
Be5 Be7 22. Ra1 Qb3 23. a5 Rac8 24. Re1 Bd6 25. Rg4 Bxe5 26. Qxe5 g6 27. Qf6 Rd5
28. Rf4 Rf8 29. g4 h6 30. Rxe6 Rxd4 31. Rxd4 Qxe6 32. Qxe6 fxe6 33. Rd6 Rf4 34.
Rxc6 Rxg4+ 35. Kf1 b4 36. cxb4 Rxb4 37. Rb6 Re4 38. Rxa6 Kf7 39. Ra8 Rxh4 40. a6
Ra4 41. a7 Kg7 42. b4 h5 43. b5 h4 44. Kg2 1-0

[Event "32nd ECC Open 2016"]
[Site "Novi Sad SRB"]
[Date "2016.11.09"]
[Round "4.16"]
[Board "2"]
[White "Baldauf, Marco"]
[Black "Radovanovic, Nikola"]
[Result "1-0"]
[WhiteTitle "IM"]
[BlackTitle "IM"]
[WhiteElo "2431"]
[BlackElo "2411"]
[WhiteTeam "Schachfreunde Berlin"]
[BlackTeam "Omladinski Sahovski Klub Paracin"]
[WhiteFideId "4688210"]
[BlackFideId "900087"]
[EventDate "2016.11.06"]

1. d4 Nf6 2. c4 g6 3. Nc3 Bg7 4. e4 d6 5. f3 O-O 6. Nge2 c5 7. Be3 Nc6 8. d5 Ne5
9. Ng3 h5 10. Be2 h4 11. Nf1 e6 12. f4 Nxc4 13. Bxc4 b5 14. Bxb5 exd5 15. e5 Bg4
16. exf6 Bxd1 17. fxg7 Kxg7 18. Rxd1 d4 19. Rxd4 cxd4 20. Bxd4+ f6 21. Ne3 Rb8
22. O-O Qa5 23. Bc4 Rxb2 24. Ncd5 Rbb8 25. Rd1 Rbc8 26. Bb3 Qa3 27. Kf2 Rc1 28.
Rd2 Qa6 29. Bb2 Rc5 30. g4 hxg3+ 31. hxg3 Qc8 32. g4 Rxd5 33. Bxd5 Re8 34. g5
Kf8 35. gxf6 Qc5 36. Bd4 Qb4 37. Rd1 Qa5 38. Kf3 Qb5 39. a4 Qa5 40. Kg4 Qa6 41.
Rh1 Qe2+ 42. Kg5 1-0

[Event "32nd ECC Open 2016"]
[Site "Novi Sad SRB"]
[Date "2016.11.09"]
[Round "4.16"]
[Board "3"]
[White "Brankovic, Dejan"]
[Black "Polzin, Rainer"]
[Result "0-1"]
[WhiteTitle "FM"]
[BlackTitle "GM"]
[WhiteElo "2373"]
[BlackElo "2413"]
[WhiteTeam "Omladinski Sahovski Klub Paracin"]
[BlackTeam "Schachfreunde Berlin"]
[WhiteFideId "921602"]
[BlackFideId "4610741"]
[EventDate "2016.11.06"]

1. e4 c5 2. Nf3 d6 3. d4 cxd4 4. Nxd4 Nf6 5. Nc3 g6 6. Be3 Bg7 7. f3 O-O 8. Qd2
Nc6 9. O-O-O d5 10. Qe1 e5 11. Nxc6 bxc6 12. Bc4 d4 13. Bg5 h6 14. Bh4 Rb8 15.
Na4 Qd6 16. Qa5 Nd7 17. c3 c5 18. Qxa7 Bb7 19. Bb5 g5 20. Bxd7 Qxd7 21. Nxc5 Qb5
22. a4 Qc6 23. Be1 Rfc8 24. Nxb7 Ra8 0-1

[Event "32nd ECC Open 2016"]
[Site "Novi Sad SRB"]
[Date "2016.11.09"]
[Round "4.16"]
[Board "4"]
[White "Wendt, Jan-Dietrich"]
[Black "Mladenovic, Stefan"]
[Result "0-1"]
[WhiteTitle "FM"]
[WhiteElo "2332"]
[BlackElo "2292"]
[WhiteTeam "Schachfreunde Berlin"]
[BlackTeam "Omladinski Sahovski Klub Paracin"]
[WhiteFideId "4623797"]
[BlackFideId "942227"]
[EventDate "2016.11.06"]

1. Nf3 Nf6 2. c4 b6 3. g3 c5 4. Bg2 Bb7 5. Nc3 g6 6. O-O Bg7 7. d4 cxd4 8. Qxd4
d6 9. Rd1 Nbd7 10. Be3 O-O 11. Qh4 Rc8 12. Rac1 a6 13. b3 Re8 14. Bh6 Bh8 15.
Ne1 Bxg2 16. Nxg2 Rc5 17. Nf4 b5 18. cxb5 axb5 19. Ncd5 Qc8 20. Nd3 Rxc1 21.
Rxc1 Qb7 22. Nxf6+ Nxf6 23. Qb4 Qd7 24. f3 Ra8 25. Rc2 Nd5 26. Qe4 e6 27. Kg2 f5
28. Qh4 Bf6 29. Qh3 g5 30. Kh1 Ne3 31. Rc1 Qf7 32. g4 f4 33. Nb4 Qg6 34. Qh5
Qxh5 35. gxh5 Nf5 0-1

[Event "32nd ECC Open 2016"]
[Site "Novi Sad SRB"]
[Date "2016.11.09"]
[Round "4.16"]
[Board "5"]
[White "Cvetanovic, Uros"]
[Black "Lundin, Jan"]
[Result "1-0"]
[WhiteTitle "CM"]
[BlackTitle "FM"]
[WhiteElo "2269"]
[BlackElo "2264"]
[WhiteTeam "Omladinski Sahovski Klub Paracin"]
[BlackTeam "Schachfreunde Berlin"]
[WhiteFideId "900672"]
[BlackFideId "1706896"]
[EventDate "2016.11.06"]

1. e4 c6 2. d4 d5 3. e5 Bf5 4. Ne2 e6 5. Nf4 h6 6. h4 Ne7 7. g4 Be4 8. f3 Bg6 9.
Nxg6 Nxg6 10. h5 Ne7 11. c3 c5 12. Be3 Nd7 13. f4 Nc6 14. a3 Be7 15. Bf2 Qc7 16.
Nd2 f6 17. Bd3 O-O-O 18. b4 cxd4 19. cxd4 fxe5 20. dxe5 Ndxe5 21. fxe5 Qxe5+ 22.
Kf1 Rhf8 23. Kg2 Rxf2+ 24. Kxf2 Qd4+ 25. Kg2 Qxd3 26. Rh3 Qd4 27. Nb3 Qe4+ 28.
Qf3 Qc2+ 29. Qf2 Qe4+ 30. Qf3 Qc2+ 31. Kg1 Rf8 32. Qe3 Qe4 33. Qxe4 dxe4 34. Rf1
Rd8 35. Re1 a5 36. b5 Nd4 37. Rxe4 Nxb5 38. a4 Rd1+ 39. Kf2 Nc7 40. Nxa5 Bc5+
41. Ke2 Ra1 42. Nb3 Ra2+ 43. Kd1 Be7 44. Rc3 Kd7 45. Nc1 Rg2 46. Rb3 Rg1+ 47.
Kc2 Rg2+ 48. Kb1 Ke8 49. Nd3 Rg1+ 50. Kc2 Rg2+ 51. Kd1 Bg5 52. Nc5 Nd5 53. Nxe6
Bf6 54. Rc4 1-0

[Event "32nd ECC Open 2016"]
[Site "Novi Sad SRB"]
[Date "2016.11.09"]
[Round "4.16"]
[Board "6"]
[White "Noetzel, Felix"]
[Black "Ivic, Matija"]
[Result "1-0"]
[WhiteElo "2209"]
[BlackElo "2231"]
[WhiteTeam "Schachfreunde Berlin"]
[BlackTeam "Omladinski Sahovski Klub Paracin"]
[WhiteFideId "24637416"]
[BlackFideId "953687"]
[EventDate "2016.11.06"]

1. e4 c5 2. Nf3 g6 3. d4 cxd4 4. Nxd4 Bg7 5. Nc3 Nc6 6. Be3 Nf6 7. Bc4 Qa5 8.
O-O O-O 9. Bb3 d6 10. h3 Bd7 11. f4 Nxd4 12. Bxd4 Bc6 13. Qd3 e5 14. Be3 exf4
15. Bxf4 Rad8 16. Rad1 Nd7 17. Bxd6 Ne5 18. Qe3 Bh6 19. Qf2 Rxd6 20. Rxd6 Qb4
21. Rd4 Qb6 22. Kh1 Bg5 23. Nd5 Qc5 24. c3 Bd8 25. Nf6+ Kg7 26. Qh4 h6 27. Nh5+
gxh5 28. Rxd8 1-0

[Event "32nd ECC Open 2016"]
[Site "Novi Sad SRB"]
[Date "2016.11.09"]
[Round "4.17"]
[Board "1"]
[White "Nijboer, Friso"]
[Black "Sethuraman, S.P."]
[Result "1-0"]
[WhiteTitle "GM"]
[BlackTitle "GM"]
[WhiteElo "2550"]
[BlackElo "2649"]
[WhiteTeam "En Passant"]
[BlackTeam "Itaka"]
[WhiteFideId "1000063"]
[BlackFideId "5021596"]
[EventDate "2016.11.06"]

1. e4 c6 2. d4 d5 3. e5 Bf5 4. Nf3 e6 5. Be2 Nd7 6. O-O h6 7. Nbd2 Ne7 8. Nb3 g5
9. Bd2 a5 10. a4 Bg7 11. Ne1 Qc7 12. f4 c5 13. Bb5 Nc6 14. c3 c4 15. Nc1 Na7 16.
Bxd7+ Qxd7 17. fxg5 O-O-O 18. Ne2 hxg5 19. Bxg5 Rdg8 1-0

[Event "32nd ECC Open 2016"]
[Site "Novi Sad SRB"]
[Date "2016.11.09"]
[Round "4.17"]
[Board "2"]
[White "Indjic, Aleksandar"]
[Black "Vedder, Henk"]
[Result "1/2-1/2"]
[WhiteTitle "GM"]
[BlackTitle "IM"]
[WhiteElo "2573"]
[BlackElo "2370"]
[WhiteTeam "Itaka"]
[BlackTeam "En Passant"]
[WhiteFideId "911925"]
[BlackFideId "1002872"]
[EventDate "2016.11.06"]

1. d4 d5 2. c4 e6 3. Nf3 Nf6 4. Nc3 c5 5. cxd5 cxd4 6. Qxd4 Nxd5 7. e4 Nxc3 8.
Qxc3 Nc6 9. a3 Bd7 10. b4 Rc8 11. Qb3 Be7 12. Bb2 O-O 13. Be2 Qb6 14. O-O Rfd8
15. Rac1 Be8 16. h4 a6 17. h5 h6 18. Bc4 Qa7 19. e5 a5 20. b5 a4 21. Qa2 Na5 22.
Bxe6 Rxc1 23. Rxc1 Qb6 24. Bh3 Nb3 25. Re1 Bc5 26. Bc3 Rd3 27. Bb4 Bxb4 28. axb4
Qxb5 29. e6 Qxb4 30. Qb1 Rd5 31. exf7+ Bxf7 32. Ne5 Rxe5 33. Rxe5 Qd6 34. Qe4
Nc5 35. Qe3 b6 36. Re7 Bxh5 37. Ra7 Qd1+ 38. Kh2 Qd6+ 39. g3 Bg6 40. Bf1 Be4 41.
Rxa4 Nxa4 42. Qxe4 Nb2 43. Qa8+ Kh7 44. Bg2 Qd4 45. Be4+ g6 46. Qb7+ Kh8 47. f4
Qf6 48. Kg2 h5 49. Qd7 Kg8 50. Bd5+ Kf8 51. Bb3 h4 52. Qc8+ Ke7 53. Qc7+ Ke8 54.
Qc8+ Ke7 55. Qc7+ Ke8 56. gxh4 b5 57. Qb8+ Ke7 58. Qc7+ Ke8 59. Kg3 Nc4 60. Qb8+
Ke7 61. Qb7+ Kf8 62. Qxb5 Nd6 63. Qc5 Kg7 64. Bc2 Nf7 65. Bb3 Nd6 66. Qe5 Nf5+
67. Kh3 Ne7 68. Kg4 Qxe5 69. fxe5 Nc6 70. Kf4 Nxe5 71. Kxe5 Kh6 72. Kf4 Kh5 73.
Kg3 g5 74. Bd1+ Kh6 75. hxg5+ Kxg5 1/2-1/2

[Event "32nd ECC Open 2016"]
[Site "Novi Sad SRB"]
[Date "2016.11.09"]
[Round "4.17"]
[Board "3"]
[White "Peng, Zhaoqin"]
[Black "Vuckovic, Bojan"]
[Result "1/2-1/2"]
[WhiteTitle "GM"]
[BlackTitle "GM"]
[WhiteElo "2380"]
[BlackElo "2584"]
[WhiteTeam "En Passant"]
[BlackTeam "Itaka"]
[WhiteFideId "1004786"]
[BlackFideId "922277"]
[EventDate "2016.11.06"]

1. c4 g6 2. Nc3 c5 3. g3 Nc6 4. Bg2 Bg7 5. e4 e6 6. Nge2 Nge7 7. O-O O-O 8. Rb1
d6 9. d3 b6 10. Be3 Nd4 11. b4 Bb7 12. Qd2 Qd7 13. Bh6 Bxh6 14. Qxh6 f5 15. b5
Kh8 16. Qe3 e5 17. f4 Rae8 18. Qd2 fxe4 19. dxe4 Ng8 20. Rbe1 Nf6 21. fxe5 dxe5
22. Nd5 Bxd5 23. exd5 Kg7 24. Nc3 Qd6 25. Rf2 Rf7 26. Ne4 Nxe4 27. Rxf7+ Kxf7
28. Bxe4 Kg7 29. Rf1 Rf8 30. Rxf8 Qxf8 31. Kg2 Qf6 32. h4 h6 33. Qd1 h5 34. Qa4
Qe7 35. d6 Qxd6 36. Qxa7+ Kh6 37. Qf7 Ne2 38. Qf2 Nd4 39. Qf7 Ne2 40. Qf2 Nd4
41. Qf7 1/2-1/2